[Event "Poznan op 27th"]
[Site "Poznan"]
[Date "2019.08.22"]
[Round "6"]
[White "Tsesler, Yakau"]
[Black "Pilny, Piotr"]
[Result "1-0"]
[WhiteElo "1994"]
[BlackElo "1646"]
[PlyCount "87"]
[EventDate "2019.08.18"]
[EventType "swiss"]
[EventRounds "9"]
[EventCountry "POL"]
[SourceTitle "EXT 2020"]
[Source "ChessBase"]
[SourceDate "2019.10.17"]
[SourceVersion "1"]
[SourceVersionDate "2019.10.17"]
[SourceQuality "1"]

1. d4 Nf6 2. c4 e6 3. Bg5 d5 4. e3 Bb4+ 5. Nc3 0-0 6. Nf3 h6 7. Bxf6 Qxf6 8. a3 Bxc3+ 9. bxc3 c5 10. Bd3 Nc6 11. 0-0 b6 12. Qe2 Bb7 13. Rab1 dxc4 14. Bxc4 cxd4 15. cxd4 Na5 16. Bd3 Bxf3 17. Qxf3 Qxf3 18. gxf3 Rac8 19. Rfc1 Rfd8 20. Ba6 Rxc1+ 21. Rxc1 Rd6 22. Rc8+ Kh7 23. Rc7 Kg6 24. Rxa7 Rc6 25. Bb5 Rd6 26. Be8 Nc4 27. Bxf7+ Kf6 28. Be8 e5 29. dxe5+ Nxe5 30. f4 Nf3+ 31. Kg2 Nh4+ 32. Kh3 Nf5 33. Rd7 Rxd7 34. Bxd7 Nd6 35. Kg2 Nc4 36. a4 Ke7 37. Bb5 Nd6 38. Bd3 Ke6 39. e4 Nb7 40. Kf3 Nc5 41. Bc2 Nd7 42. f5+ Ke5 43. Ke3 Nf6 44. f4+ 1-0

[Event "Orsha op"]
[Site "Orsha"]
[Date "2019.01.20"]
[Round "4"]
[White "Dolgopiatov, Evgeniy"]
[Black "Tsesler, Yakau"]
[Result "1/2-1/2"]
[WhiteElo "1661"]
[BlackElo "1895"]
[PlyCount "51"]
[EventDate "2019.01.18"]
[EventType "swiss"]
[EventRounds "9"]
[EventCountry "BLR"]
[SourceTitle "CBM 188 Extra"]
[Source "ChessBase"]
[SourceDate "2019.02.26"]
[SourceVersion "1"]
[SourceVersionDate "2019.02.26"]
[SourceQuality "1"]

1. d4 d5 2. Nf3 Nf6 3. Bg5 e6 4. e3 Nbd7 5. Bd3 Be7 6. Nbd2 b6 7. Ne5 Nxe5 8. dxe5 Nd7 9. Bxe7 Qxe7 10. f4 Bb7 11. Qe2 h6 12. c3 Nc5 13. Nf3 Nxd3+ 14. Qxd3 a6 15. 0-0 0-0-0 16. b4 f5 17. Rab1 g5 18. Nd4 gxf4 19. exf4 Qd7 20. Rf2 Rhg8 21. a4 Rg6 22. a5 b5 23. Nb3 Qc6 24. Qd4 Rdg8 25. Nc5 h5 26. Rbb2 1/2-1/2

[Event "Minsk Amateur op"]
[Site "Minsk"]
[Date "2018.06.29"]
[Round "7"]
[White "Teryaeva, Valeria"]
[Black "Tsesler, Yakau"]
[Result "1-0"]
[WhiteElo "1787"]
[BlackElo "1740"]
[PlyCount "63"]
[EventDate "2018.06.25"]
[EventType "swiss"]
[EventRounds "9"]
[EventCountry "BLR"]
[SourceTitle "CBM 185 Extra"]
[Source "ChessBase"]
[SourceDate "2018.07.29"]
[SourceVersion "1"]
[SourceVersionDate "2018.07.29"]
[SourceQuality "1"]

1. e4 e5 2. Nc3 Nf6 3. g3 Nc6 4. Bg2 Bc5 5. Nge2 0-0 6. 0-0 d6 7. Na4 Bb6 8. Nxb6 axb6 9. c4 h6 10. h3 Be6 11. d3 Nh7 12. f4 f5 13. exf5 Bxf5 14. g4 Bg6 15. f5 Bf7 16. Nc3 Qh4 17. Be3 h5 18. Ne4 hxg4 19. hxg4 d5 20. cxd5 Bxd5 21. Bf2 Qe7 22. Kh2 Rad8 23. Rh1 Ng5 24. Qc1 Nxe4 25. dxe4 Bf7 26. g5 Bh5 27. g6 Bxg6 28. fxg6 Rxf2 29. Kg3 Rf6 30. Rh8+ Kxh8 31. Qh1+ Kg8 32. Qh7+ 1-0

[Event "Minsk Amateur op"]
[Site "Minsk"]
[Date "2018.06.28"]
[Round "5"]
[White "Tsesler, Yakau"]
[Black "Spizharny, Mikhail"]
[Result "0-1"]
[WhiteElo "1740"]
[BlackElo "2015"]
[PlyCount "62"]
[EventDate "2018.06.25"]
[EventType "swiss"]
[EventRounds "9"]
[EventCountry "BLR"]
[SourceTitle "CBM 185 Extra"]
[Source "ChessBase"]
[SourceDate "2018.07.29"]
[SourceVersion "1"]
[SourceVersionDate "2018.07.29"]
[SourceQuality "1"]

1. e4 c5 2. Nf3 e6 3. d4 cxd4 4. Nxd4 a6 5. c4 Nf6 6. Nc3 Qc7 7. Be3 b6 8. Be2 Bb7 9. f3 Be7 10. 0-0 0-0 11. Qd2 d6 12. Rfd1 Nbd7 13. Rac1 Rac8 14. a3 Qb8 15. b4 Rfe8 16. Nb3 d5 17. exd5 Bd6 18. Kh1 exd5 19. cxd5 Bxh2 20. Bf1 Qe5 21. Bd4 Qd6 22. Be3 Nh5 23. Ne2 Ng3+ 24. Nxg3 Bxg3 25. Rxc8 Bxc8 26. Bd3 Qe5 27. Bg5 h6 28. f4 Qd6 29. Bb1 hxg5 30. fxg5 Qf4 31. Qxf4 Bxf4 0-1

[Event "Minsk Amateur op"]
[Site "Minsk"]
[Date "2018.06.26"]
[Round "3"]
[White "Tsaruk, Maksim"]
[Black "Tsesler, Yakau"]
[Result "1/2-1/2"]
[WhiteElo "2230"]
[BlackElo "1740"]
[PlyCount "70"]
[EventDate "2018.06.25"]
[EventType "swiss"]
[EventRounds "9"]
[EventCountry "BLR"]
[SourceTitle "CBM 185 Extra"]
[Source "ChessBase"]
[SourceDate "2018.07.29"]
[SourceVersion "1"]
[SourceVersionDate "2018.07.29"]
[SourceQuality "1"]

1. e4 e5 2. Nf3 Nc6 3. Bb5 a6 4. Ba4 d6 5. d4 b5 6. Bb3 Nxd4 7. Nxd4 exd4 8. a4 Bb7 9. axb5 axb5 10. Qh5 Qd7 11. Rxa8+ Bxa8 12. Na3 c5 13. Nxb5 Nf6 14. Qe2 Be7 15. 0-0 0-0 16. f3 Re8 17. c4 Bc6 18. Bd2 Rb8 19. Ra1 Ra8 20. Rxa8+ Bxa8 21. Kf1 h6 22. Bc2 Bc6 23. Bd3 Bf8 24. b4 Qe8 25. Na3 Qd8 26. Nc2 Nd7 27. f4 Qb8 28. Ke1 Nf6 29. Kf2 Qa8 30. Kf3 Nd7 31. b5 Bb7 32. Kf2 Nf6 33. Kf3 Nd7 34. Kf2 Nf6 35. Kf3 Nd7 1/2-1/2

[Event "Minsk Amateur op"]
[Site "Minsk"]
[Date "2018.06.25"]
[Round "1"]
[White "Stetsko, Lanita"]
[Black "Tsesler, Yakau"]
[Result "1-0"]
[WhiteElo "2209"]
[BlackElo "1740"]
[PlyCount "73"]
[EventDate "2018.06.25"]
[EventType "swiss"]
[EventRounds "9"]
[EventCountry "BLR"]
[SourceTitle "CBM 185 Extra"]
[Source "ChessBase"]
[SourceDate "2018.07.29"]
[SourceVersion "1"]
[SourceVersionDate "2018.07.29"]
[SourceQuality "1"]

1. e4 c5 2. Nf3 a6 3. c3 e6 4. d4 d5 5. e5 Qb6 6. Bd3 Bd7 7. 0-0 Bb5 8. dxc5 Bxc5 9. b4 Be7 10. a4 Bxd3 11. Qxd3 Bd8 12. Be3 Qc7 13. Nbd2 Nd7 14. c4 Nxe5 15. Nxe5 Qxe5 16. Bd4 Qg5 17. f4 Qh6 18. cxd5 exd5 19. Rae1+ Be7 20. Re3 Qg6 21. f5 Qg5 22. Rg3 Qh6 23. Bxg7 Qb6+ 24. Bd4 Qxb4 25. Bxh8 Bc5+ 26. Kh1 0-0-0 27. Be5 f6 28. Bf4 Ne7 29. Nb3 Bd6 30. Bxd6 Qxd6 31. Nd4 Kb8 32. Rg7 Qe5 33. Ne6 Re8 34. Qg3 Qxg3 35. hxg3 Nxf5 36. Rxf5 Rxe6 37. Rxd5 1-0

[Event "Bialystok Zamenhof Memorial-C 35th"]
[Site "Bialystok"]
[Date "2017.12.29"]
[Round "6.16"]
[White "Tsesler, Yakau"]
[Black "Backiel, Hubert"]
[Result "1/2-1/2"]
[WhiteElo "1786"]
[BlackElo "1452"]
[PlyCount "153"]
[EventDate "2017.12.27"]
[EventType "swiss"]
[EventRounds "9"]
[EventCountry "POL"]
[SourceTitle "EXT 2023"]
[Source "ChessBase"]
[SourceDate "2022.10.05"]
[SourceVersion "1"]
[SourceVersionDate "2022.10.05"]
[SourceQuality "1"]

1. e4 e5 2. Nf3 Nf6 3. Nxe5 d6 4. Nf3 Nxe4 5. d4 d5 6. Bd3 Be7 7. 0-0 0-0 8. Bf4 Nc6 9. c3 Bf5 10. Qc2 Bg6 11. Nbd2 Ng5 12. Nxg5 Bxd3 13. Qxd3 Bxg5 14. Bxg5 Qxg5 15. Nf3 Qg6 16. Qxg6 hxg6 17. Rfe1 Rfe8 18. Kf1 Kf8 19. Ng5 Rxe1+ 20. Rxe1 Rd8 21. Re3 Rd6 22. Ke2 Nd8 23. Kd3 f6 24. Nf3 Ra6 25. a3 Rb6 26. Kc2 Kf7 27. Ne1 Ne6 28. Nd3 Rd6 29. g3 a5 30. a4 Rc6 31. Kd2 Rc4 32. b3 Rc6 33. h4 Rb6 34. Kc2 Rc6 35. Kb2 Rd6 36. Re1 Rd8 37. Kc1 b6 38. Kc2 Ke7 39. b4 Rd6 40. Rb1 Rc6 41. Kd2 axb4 42. Nxb4 Rd6 43. Ra1 c5 44. Nc2 Kd7 45. a5 bxa5 46. Rxa5 cxd4 47. Nxd4 Nxd4 48. cxd4 Ke6 49. Ra7 Rd7 50. Rxd7 Kxd7 51. Kc3 Kc6 52. Kb4 Kb6 53. g4 f5 54. g5 f4 55. f3 Kc6 56. Ka5 Kc7 57. Kb5 Kd6 58. Kb6 Ke6 59. Kc6 Kf5 60. Kc7 Ke6 61. Kd8 Kd6 62. Ke8 Kc6 63. Ke7 Kb5 64. Ke6 Kc4 65. Ke5 Kd3 66. Kxd5 Ke3 67. Ke5 Kxf3 68. d5 Kg3 69. d6 f3 70. d7 f2 71. d8Q f1Q 72. Qd4 Qf5+ 73. Kd6 Qf8+ 74. Kc6 Qc8+ 75. Kb5 Qb8+ 76. Kc6 Qc8+ 77. Kb5 1/2-1/2

[Event "St Petersburg Summer op"]
[Site "St Petersburg"]
[Date "2017.08.19"]
[Round "4"]
[White "Bezstrakhov, Dmitry"]
[Black "Tsesler, Yakau"]
[Result "1-0"]
[WhiteElo "1952"]
[BlackElo "1662"]
[PlyCount "119"]
[EventDate "2017.08.16"]
[EventType "swiss"]
[EventRounds "9"]
[EventCountry "RUS"]
[SourceTitle "CBM 180 Extra"]
[Source "ChessBase"]
[SourceDate "2017.10.06"]
[SourceVersion "1"]
[SourceVersionDate "2017.10.06"]
[SourceQuality "1"]

1. f4 d5 2. Nf3 c5 3. e3 Nf6 4. Be2 e6 5. 0-0 Be7 6. b3 Nc6 7. Bb2 a6 8. d3 b5 9. Ne5 Qc7 10. Nd2 Bb7 11. Ndf3 Bd6 12. a3 0-0-0 13. Qe1 Ne8 14. Ng5 Nxe5 15. fxe5 Bxe5 16. Bxe5 Qxe5 17. Nxf7 Qxe3+ 18. Qf2 Qxf2+ 19. Rxf2 Rf8 20. Nxd8 Rxf2 21. Kxf2 Kxd8 22. g4 g5 23. c4 bxc4 24. bxc4 Nd6 25. h4 dxc4 26. dxc4 gxh4 27. Bd3 h6 28. Re1 Kd7 29. Re5 Nf7 30. Rh5 Kd6 31. Rxh4 Ne5 32. Be2 Nf7 33. Ke3 Bc6 34. Rh2 Kd7 35. Rf2 Ke7 36. Rf1 a5 37. Rb1 Kd7 38. Kf4 Kd6 39. Rb8 Kd7 40. Kg3 Be4 41. Rb5 Kc6 42. Rxa5 Nd6 43. Ra8 Kd7 44. Ra7+ Bb7 45. Bf3 Kc7 46. Rxb7+ Nxb7 47. Bxb7 Kxb7 48. Kf4 Kc7 49. Ke5 Kd7 50. a4 Ke7 51. a5 Kd7 52. Kf6 Kd6 53. a6 Kc6 54. Kxe6 Kb6 55. Kd6 Kxa6 56. Kxc5 Kb7 57. Kd6 Kc8 58. c5 Kd8 59. c6 Kc8 60. c7 1-0

[Event "Wch U10"]
[Site "Batumi"]
[Date "2016.10.30"]
[Round "11"]
[White "Tsesler, Yakau"]
[Black "Gunarathne, Senila Amaneth"]
[Result "1-0"]
[WhiteElo "1531"]
[BlackElo "1136"]
[PlyCount "75"]
[EventDate "2016.10.19"]
[EventType "swiss"]
[EventRounds "11"]
[EventCountry "GEO"]
[SourceTitle "EXT 2018"]
[Source "ChessBase"]
[SourceDate "2017.10.13"]
[SourceVersion "1"]
[SourceVersionDate "2017.10.13"]
[SourceQuality "1"]

1. d4 Nf6 2. c4 e6 3. Nc3 Bb4 4. Nf3 b6 5. Bg5 Bb7 6. e3 h6 7. Bh4 d6 8. Bd3 Nbd7 9. 0-0 Bxc3 10. bxc3 g5 11. Bg3 Rg8 12. Nd2 h5 13. f3 g4 14. f4 Rh8 15. e4 h4 16. Be1 h3 17. g3 Rg8 18. Qe2 e5 19. fxe5 dxe5 20. Qf2 Rg6 21. Qf5 Qe7 22. Nb3 Bc8 23. Qf2 Ba6 24. Bd2 Qe6 25. Qf5 Qe7 26. Bg5 Bc8 27. Bc2 Ba6 28. dxe5 Qxe5 29. Qxe5+ Nxe5 30. Bxf6 Nf3+ 31. Rxf3 gxf3 32. e5 Rg4 33. Nd2 Bc8 34. Bd1 Be6 35. Kf2 Bxc4 36. Nxf3 Rg8 37. Ng5 Rxg5 38. Bxg5 1-0

[Event "Wch U10"]
[Site "Batumi"]
[Date "2016.10.24"]
[Round "6"]
[White "Eisa Mohmood, Alkhoori"]
[Black "Tsesler, Yakau"]
[Result "0-1"]
[WhiteElo "1272"]
[BlackElo "1531"]
[PlyCount "50"]
[EventDate "2016.10.19"]
[EventType "swiss"]
[EventRounds "11"]
[EventCountry "GEO"]
[SourceTitle "CBM 175 Extra"]
[Source "ChessBase"]
[SourceDate "2016.12.12"]
[SourceVersion "1"]
[SourceVersionDate "2016.12.12"]
[SourceQuality "1"]

1. e4 e5 2. Nf3 Nc6 3. Bc4 Bc5 4. 0-0 Nf6 5. d4 Bxd4 6. Nxd4 Nxd4 7. Bg5 d6 8. f4 Nc6 9. fxe5 Nxe5 10. Bxf6 gxf6 11. Bb3 Bg4 12. Qd2 Qe7 13. Nc3 c6 14. h3 Be6 15. Qh6 Rg8 16. Qxh7 0-0-0 17. Bxe6+ Qxe6 18. Ne2 Qc4 19. Nf4 Rg5 20. Rfe1 Qxc2 21. Re2 Qc4 22. Ree1 Qb4 23. b3 Qd2 24. Qh4 Rdg8 25. Re2 Qd4+ 0-1

[Event "Wch U10"]
[Site "Batumi"]
[Date "2016.10.23"]
[Round "5"]
[White "Skrbec, Leon"]
[Black "Tsesler, Yakau"]
[Result "1-0"]
[WhiteElo "1402"]
[BlackElo "1531"]
[PlyCount "97"]
[EventDate "2016.10.19"]
[EventType "swiss"]
[EventRounds "11"]
[EventCountry "GEO"]
[SourceTitle "CBM 175 Extra"]
[Source "ChessBase"]
[SourceDate "2016.12.12"]
[SourceVersion "1"]
[SourceVersionDate "2016.12.12"]
[SourceQuality "1"]

1. d4 d5 2. Nf3 Nf6 3. c3 e6 4. Bg5 Be7 5. Nbd2 0-0 6. e3 b6 7. Bd3 h6 8. Bf4 Bd6 9. Ne5 Bb7 10. Qb1 c5 11. 0-0 Nc6 12. Ndf3 Nh5 13. Nxc6 Bxc6 14. Bxd6 Qxd6 15. Ne5 Nf6 16. f4 Ne4 17. Bxe4 dxe4 18. Qc2 cxd4 19. exd4 Bb7 20. Qe2 a5 21. Qg4 f5 22. Qh4 Qd8 23. Qxd8 Rfxd8 24. Kf2 Rac8 25. Ke3 b5 26. Rg1 Rc7 27. g4 Rdc8 28. gxf5 exf5 29. Rg6 b4 30. c4 Kh7 31. Rb6 g5 32. Rf1 Rf8 33. b3 gxf4+ 34. Rxf4 Kg7 35. Rb5 Bc8 36. Rxa5 Rb7 37. d5 Re8 38. Nc6 Kf6 39. Ra4 Bd7 40. Ra6 Kg5 41. Na5 Rbb8 42. Ra7 Red8 43. h4+ Kf6 44. Ra6+ Kg7 45. Rd6 Kf7 46. Nc6 Bxc6 47. Rxf5+ Kg7 48. Rxc6 Ra8 49. Kxe4 1-0